000 00574nam a2200145Ia 4500
008 151213s9999 xx 000 0 und d
100 _aবাংলা একাডেমী।
245 _aগ্রন্থ বর্ষ স্মারক গ্রন্থ।২০০২
_cবাংলা একাডেমী।
260 _aঢাকা
_bবাংলা একাডেমী।
_c2003
300 _a8828 p.
650 _aBangla
650 _aসাহিত্য গ্র্রন্থ।
700 _aবাংলা একাডেমী।
999 _c4613
_d4613